| 000 | 00458 a2200181 4500 | ||
|---|---|---|---|
| 001 | 79053 | ||
| 020 | _a9780471728979 | ||
| 082 | _a510.24621 KRE | ||
| 090 |
_c39542 _d39542 |
||
| 100 | _aErwin Kreyszig | ||
| 245 |
_aAdvance Engineering Mathematics 9 th/ED _hEnglish |
||
| 250 | _a9 th | ||
| 260 |
_aSingapore _bwiley _c2006 |
||
| 300 |
_axvii1063 122 _eCD |
||
| 500 | _aDOS BS Reference Books | ||
| 505 | _aAHQ Books | ||
| 600 | _aMathematics | ||
| 942 |
_acaenust _k510.24621 kre _cBS |
||
| 999 |
_c314126 _d314126 |
||